00842nam a2200253Ia 450000500170000000800410001702000150005804100080007310000290008124500840011025000220019426400330021630000240024933600270027333700330030033800280033354600460036165000420040765000280044965000320047770000330050904000350054208400110057720220316235418.0121119s1999 ck gr 000 p spa  a95890128841 aspa1 aValery, Paul,d1871-194513aEl cementerio marinocPaul Valery ; traducción y prólogo de Carlos Martín aPrimera edición 1aBogotá bEl Áncorac1999 a73 páginasc22 cm atextobtxt2rdacontent asin mediaciónbn2rdamedia avolumenbnc2rdacarrier aTexto bilingüe en español y francés14aLiteratura francesa ySiglo XX2LEMB14aPoesía francesa2LEMB14aAmor en la literatura2LEMB1 aMartín, Carlos etraductor aCO-BoRNBPbspaerdacCO-BoRNBP aP VAL5